Marketingový mix technologickej inovácie bakalárska práca

Guardado en:
Detalles Bibliográficos
Autor principal: Mikovičová, Miroslava
Autor Corporativo: Obchodná fakulta EU. Katedra marketingu
Otros Autores: Vasiľová, Mária, 1985-
Formato: Libro
Lenguaje:eslovaco
Publicado: Bratislava 2012
Etiquetas: Agregar Etiqueta
Sin Etiquetas, Sea el primero en etiquetar este registro!

MARC

LEADER 00000nbm a2200000 4500
001 0154603
005 20161109111854.2
041 0 |a slo 
044 |a SK 
245 1 0 |a Marketingový mix technologickej inovácie  |b bakalárska práca  |c Miroslava Mikovičová ; školiteľ: Mária Vasiľová 
264 1 |a Bratislava  |c 2012 
300 |a 59 s. 
100 1 |a Mikovičová, Miroslava 
700 1 |a Vasiľová, Mária, 1985- 
710 2 |a Obchodná fakulta EU. Katedra marketingu